[Event "Manila Campomanes Memorial op"]
[Site "Manila"]
[Date "2010.08.30"]
[Round "4"]
[White "Labay, Rainer"]
[Black "Dimakiling, Oliver"]
[Result "0-1"]
[WhiteElo "2217"]
[BlackElo "2418"]
[PlyCount "58"]
[EventDate "2010.08.28"]
[EventType "swiss"]
[EventRounds "9"]
[EventCountry "PHI"]
[SourceTitle "CBM 138 Extra"]
[Source "ChessBase"]
[SourceDate "2010.10.29"]
[SourceVersion "1"]
[SourceVersionDate "2010.10.29"]
[SourceQuality "1"]

1. d4 Nf6 2. c4 e6 3. g3 d5 4. Nf3 dxc4 5. Bg2 Nc6 6. Qa4 Bb4+ 7. Bd2 Nd5 8. Ne5 Bd7 9. Nxd7 Qxd7 10. e3 a6 11. Nc3 0-0 12. 0-0 b5 13. Qc2 Rab8 14. Rad1 Rfd8 15. Bc1 Bf8 16. a3 b4 17. axb4 Ncxb4 18. Qe2 Nd3 19. e4 N5b4 20. Be3 Nc6 21. d5 exd5 22. exd5 Nce5 23. Rb1 Re8 24. h3 Rb3 25. Bd4 Ng6 26. Qc2 Reb8 27. Nd1 Qb5 28. Bc3 Bc5 29. Kh2 a5 0-1